The Dwight D. Eisenhower Presidency - Statistics

General Stats
  • This quiz has been taken 499 times
  • The average score is 15 of 20
Answer Stats
Hint Answer % Correct
Nickname Ike
92%
Space agency founded in 1958 NASA
91%
States that joined the union Alaska
89%
Hawaii
89%
Vice President Richard Nixon
88%
Highest military rank he attained {Five}-star general
86%
Conflict that ended with an armistice in 1953 Korean War
86%
Landmark supreme court decision concerning the desegregation of public schools {Brown} vs. Board of Education
80%
The Soviet Union won the first stage in the "space race" when it launched this artificial sattelite Sputnik
79%
According to this theory, once one country becomes communist, others will "fall", too Domino Theory
75%
Construction of this road network began under Eisenhower {Interstate} Highway System
73%
Conflict, primarily between Israel and Egypt, that was ended thanks to US and Soviet pressure {Suez} Crisis
70%
He was raised and is buried in this state Kansas
66%
Eisenhower warned against this in his farewell speech {Military}-industrial complex
66%
This presidential retreat was named after Eisenhower's grandson Camp David
63%
In this country, prime minister Mossadegh was overthrown with the help of US intelligence Iran
63%
Codename for the invasion of Nazi-occupied France, which Eisenhower oversaw as supreme commander Operation {Overlord}
63%
Democratic opponent in the presidential elections of 1952 and 1956 Adlai Stevenson
62%
His wife's first name Mamie
47%
The position of assistant to the president adopted this military-style name Chief of Staff
35%
No matching quizzes found
Score Distribution
Percent of People with Each Score
Percentile by Number Answered
Your Score History
You have not taken this quiz